Pays avec les passports les plus puissants - Statistiques

Statistiques générales
  • Ce quiz a été pris 160 fois
  • Le résultat moyen est 28 sur 40
Statistiques - réponses
Rang Continent Réponse % Correct
3 Europe France
98%
2 Europe Espagne
91%
7 Europe Royaume-Uni
91%
3 Europe Allemagne
90%
7 Asie Japon
90%
3 Europe Italie
88%
8 Amérique du Nord États-Unis
84%
5 Europe Portugal
84%
3 Europe Suisse
83%
8 Amérique du Nord Canada
81%
7 Océanie Australie
80%
4 Europe Suède
79%
4 Europe Belgique
76%
5 Europe Danemark
76%
4 Europe Finlande
76%
5 Europe Norvège
75%
3 Europe Pays-Bas
75%
4 Europe Pologne
75%
3 Europe Autriche
74%
4 Europe Irlande
74%
6 Océanie Nouvelle-Zélande
73%
6 Asie Corée du Sud
71%
5 Europe Grèce
71%
6 Asie Singapour
69%
3 Europe Luxembourg
66%
7 Europe Estonie
62%
7 Europe Croatie
61%
6 Europe République Tchèque
61%
7 Europe Slovaquie
61%
5 Europe Hongrie
60%
9 Europe Roumanie
60%
8 Europe Lettonie
59%
8 Europe Slovénie
58%
7 Europe Lithuanie
57%
9 Europe Islande
55%
9 Europe Bulgarie
51%
1 Asie Émirats Arabes Unis
47%
8 Europe Malte
42%
8 Europe Liechtenstein
37%
10 Europe Chypre
36%
Aucun quiz correspondant
Distribution des résultats
% des personnes avec chaque résultat
Percentile par nombre de réponses
Votre historique - résultats
Vous n’avez pas pris ce quiz